| 000 | 01014nac a22002651u 4500 | ||
|---|---|---|---|
| 010 | _a 2006025617 | ||
| 020 | _a9780849338373 (alk. paper) | ||
| 020 | _a0849338379 (alk. paper) | ||
| 020 | _a9780849338373 | ||
| 035 | _a(OCoLC)ocm70911126 | ||
| 035 | _a(OCoLC)70911126 | ||
| 082 | 0 | 0 |
_a666.04 _bMAR |
| 090 |
_c8326 _d8326 |
||
| 100 | _aMarinescu, Ioan D. | ||
| 245 | 0 | 0 |
_aHandbook of advanced ceramics machining / _cedited by Ioan D. Marinescu. |
| 260 |
_aBoca Raton : _bCRC Press,2007 _cc2007. |
||
| 300 |
_a365 p. : _bill. ; _c25 cm. |
||
| 500 | _aDistributer: Al-Ahram | ||
| 504 | _aIncludes bibliographical references and index. | ||
| 511 | _aCatalogued by: Sara | ||
| 650 | 0 |
_aCeramic materials _xMachining _vHandbooks, manuals, etc. |
|
| 856 | 4 | 1 |
_3Table of contents only _uhttp://www.loc.gov/catdir/toc/ecip0619/2006025617.html |
| 856 | 4 | 1 |
_3Publisher description _uhttp://www.loc.gov/catdir/enhancements/fy0701/2006025617-d.html |
| 942 |
_cNB _k666.04MAR |
||
| 999 |
_c8326 _d8326 |
||